000 00372nam a2200145Ia 4500
005 20251222153621.0
008 251222s9999||||xx |||||||||||||| ||spa||
020 _a8447017230
082 _a342.06/B67
100 _aBocanegra Sierra, Raúl
245 0 _aLecciones sobre el Acto Administrativo:
250 _a1ra. ed.
264 _bCivitas Ediciones, S.A.
942 _cLIB
999 _c31977
_d31977